|
|
|
|
| LEADER |
00000nab a2200000 a 4500 |
| 001 |
vtls000649134 |
| 003 |
SK-MaSNL |
| 005 |
20260426080610.0 |
| 008 |
250425c1998 xo 0 slo |
| 015 |
|
|
|a SNBRA1998/01-01772
|
| 035 |
|
|
|a CLN000001329
|
| 035 |
|
|
|a urn:nbn:sk:snk-ab22lc
|
| 035 |
|
|
|a (urnnbn)urn:nbn:sk:snk:ar-a01gd5
|
| 035 |
|
|
|a (uuid)213c97fe-eea5-4348-9f4c-e60be2b71e01
|
| 040 |
|
|
|a SNKBUCL
|b slo
|c SNKBUCL
|e AACR2
|
| 041 |
0 |
|
|a slo
|
| 044 |
|
|
|a xo
|c SK
|
| 080 |
|
|
|a 78.091.4:78.036
|2 1997
|
| 080 |
|
|
|a 78.036
|2 1997
|
| 100 |
1 |
|
|a Martináková, Zuzana,
|d 1958-
|4 aut
|
| 245 |
1 |
0 |
|a Melos-tos '97
|b festivalové akcenty
|c Zuzana Martináková
|
| 300 |
|
|
|b Fotogr.
|
| 611 |
1 |
7 |
|a Melos-tos
|n 4.
|d 1997
|c Bratislava, Slovensko
|2 snkbucl
|9 1282909
|
| 650 |
0 |
7 |
|a hudba
|x festivaly
|x 1997
|2 snkbucl
|9 1282910
|
| 651 |
|
7 |
|a Bratislava (Slovensko)
|2 snkbucl
|9 14568
|
| 655 |
|
7 |
|a články z novín a časopisov
|2 snkbucl
|2 snkbucl
|9 267496
|
| 773 |
0 |
|
|t Hudobný život '98
|g Roč. 30, č. 1 (1998), s. 4-5
|
| 850 |
|
|
|a Slovenská národná knižnica
|
| 852 |
|
|
|a Slovenská národná knižnica
|
| 954 |
|
|
|a odborná, vedecká literatúra pôvodná (slovenská)
|2 lita
|
| 958 |
|
|
|a article27
|
| 958 |
|
|
|a OND
|
| 958 |
|
|
|a SK
|
| 958 |
|
|
|a EUIPO
|
| 992 |
|
|
|a RBX
|
| 999 |
|
|
|c 2813639
|d 2815569
|